Normal view
MARC view
- Walker, Henry M, Dale, Nell
Entry Personal Name
001 - CONTROL NUMBER
- control field: 67658
003 - CONTROL NUMBER IDENTIFIER
- control field: NUST
005 - DATE AND TIME OF LATEST TRANSACTION
- control field: 20210628203854.0
008 - FIXED-LENGTH DATA ELEMENTS
- fixed length control field: 210628|| aca||aabn | a|a d
040 ## - CATALOGING SOURCE
- Original cataloging agency: NUST
- Transcribing agency: NUST
100 ## - HEADING--PERSONAL NAME
- Personal name: Walker, Henry M, Dale, Nell
670 ## - SOURCE DATA FOUND
- Source citation: Work cat.: (NUST): Walker, Henry M, Dale, Nell, Abstract data types, specification implementations and application, 1996
